Countries of UFC Champions - Statistics

General Stats
  • This quiz has been taken 267 times
    205 since last reset
  • The average score is 16 of 22
Answer Stats
Hint Answer % Correct
Africa Nigeria
97%
North America United States
97%
Oceania Australia
94%
South America Brazil
93%
Europe Russia
91%
North America Canada
89%
Asia China
89%
North America Mexico
87%
Europe United Kingdom
87%
Oceania New Zealand
86%
Asia Japan
83%
Africa South Africa
83%
Europe France
78%
Africa Cameroon
75%
Europe Ireland
65%
Europe Poland
65%
Europe Czech Republic
49%
North America Jamaica
47%
Europe Netherlands
41%
Europe Belarus
36%
Asia Kyrgyzstan
26%
North America (British Territory) Anguilla
3%
No matching quizzes found
Score Distribution
Percent of People with Each Score
Percentile by Number Answered
Your Score History
You have not taken this quiz since the last reset